00692nam a2200229Ia 4500003000400000005001700004008004100021020001900062022001900081040000700100041000800107082001500115100002900130245004100159260004500200300000900245650002000254700002600274942001300300999001900313952013000332OSt20251010111308.0250729s2006 xx 000 0 und d a978-8171692743 2978-8171692743 cAL aeng a420.7 SHAT aSharma Kadambari9222929 aTeaching of language and linguistics aNew DelhibCommonwealth Publishersc2006 a267p aEnglish9222930 aTuteja Tripat9222931 2ddccBED c235673d235673 00104070aALbALd2025-07-29eSita Book Houseg165.00l0o420.7 SHATpBED00992r2025-07-29 16:54:12v165.00w2025-07-29yBK